ბათუმის შოთა რუსთაველის სახელმწიფო უნივერსიტეტის ბიბლიოთეკა

წუქეთის სიძველენი : საინგილოს ისტორიის საკითხების დამახინჯებისა და გაყალბების გამო : (ბიბ.ჩანაწერი № 59852)

000 -ლიდერი
ფიქსირებული სიგრძის საკონტროლო ველი 01599nam a22002057a 4500
003 - საკონტროლო ნომრის იდენტიფიკატორი
საკონტროლო ველი Ge_BSU
005 - ბოლო ოპერაციის თარიღი და დრო
საკონტროლო ველი 20230501110527.0
008 - ფიქსირებული სიგრძის მონაცემთა ელემენტები - ზოგადი ინფორმაცია
ფიქსირებული სიგრძის საკონტროლო ველი 230428s2002 ge ||||| |||| 00| 0 geo d
041 ## - ენის კოდი
Language code of text/sound track or separate title geo
080 ## - უნივერსალური ათობითი კლასიფიკაციის ინდექსი
Universal Decimal Classification number 94(=353.1)(479.24) 001.98 პ-18
100 ## - მთავარი ჩანაწერი - პიროვნების სახელი
Personal name პაპუაშვილი, თენგიზ
9 (RLIN) 17859
245 ## - ცნობა სათაურის შესახებ
Title წუქეთის სიძველენი : საინგილოს ისტორიის საკითხების დამახინჯებისა და გაყალბების გამო :
Remainder of title საინგილოს ისტორიის საკითხების დამახინჯებისა და გაყალბების გამო : ჰ. აზიმოვი, შ. აჰმედოვი, "კახის ძეგლები", გამ-ბა "სედა", ქ. ბაქო, 1998 წ. (აზერბ. ენ.)
Statement of responsibility, etc თენგიზ პაპუაშვილი. საქ. მეცნ. აკად., ისტორიისა და ეთნოლოგიის ინ-ტი.
264 ## - წარმოების, გამოცემის, დისტრიბუციის და სხვა ცნობები
გამოცემის, წარმოების, დისტრიბუციის... ადგილი თილისი :
გამოცემის, წარმოების, დისტრიბუციის... სახელწოდება მემატიანე,
გამოცემის, წარმოების, დისტრიბუციის... თარიღი 2002.
300 ## - ფიზიკური აღწერა
Extent 33გვ. ;
Other physical details 20სმ.
520 ## - SUMMARY, ETC.
Summary, etc რეზ. რუს. და ინგლ. ენ.
653 ## - INDEX TERM--UNCONTROLLED
Uncontrolled term საინგილოს ისტორია
653 ## - INDEX TERM--UNCONTROLLED
Uncontrolled term მეცნიერული ცოდნის გაყალბება
710 ## - ADDED ENTRY--CORPORATE NAME
Corporate name or jurisdiction name as entry element საქ. მეცნ. აკად., ისტორიისა და ეთნოლოგიის ინ-ტი.
9 (RLIN) 17869
942 ## - ADDED ENTRY ELEMENTS (KOHA)
Source of classification or shelving scheme
Koha item type წიგნი
ეგზემპლარები
ჩამოწერის სტატუსი დაკარგული ეგზემპლარის სტატუსი კლასიფიკაციის წყარო ან თაროზე გაწყობის სქემა დაზიანების სტატუსი არ გაიცემა მუდმივი მდებარეობა (დაცვის ადგილი) ამჟამინდელი ადგილსამყოფელი თაროზე განთავსების ადგილი შეძენის თარიღი ღირებულება, შესყიდვის ნორმალური ფასი სრული შენახვის შიფრი შტრიხკოდი ბოლო ოპერაციის თარიღი ეგზემპლარის მიმდევრობითი ნომერი (კეტერი?) Uniform Resource Identifier ფასის ძალაში შესვლის თარიღი ეგზემპლარის სახეობა საჯარო შენიშვნა
          ბათუმის შოთა რუსთაველის სახელმწიფო უნივერსიტეტის მთავარი ბიბლიოთეკა ბათუმის შოთა რუსთაველის სახელმწიფო უნივერსიტეტის მთავარი ბიბლიოთეკა წიგნსაცავი 2023-04-28 3.00 94(=353.1)(479.24) 001.98 პ-18 64295 2023-04-28 64295 ბსუ-ს საპატიო დოქტორის გურამ ლორთქიფანიძის საჩუქარი 2023-04-28 წიგნი 3 ლ.